00314nam a2200121Ia 4500008004100000020001400041050001500055100002000070245002800090260003700118300002400155650001300179150202s9999 xx 000 0 und d a553147781 aFIC bFIC  aHailey, Arthur. aHotel /cArthur Hailey. aNew York :bBantam Books,c1981. a408 pages :c18 cm. aFiction.